| 000 | 00966 a2200241 4500 | ||
|---|---|---|---|
| 005 | 20221028144419.0 | ||
| 008 | 130404b2012 ck ad fr|||| 00| 0 spa d | ||
| 020 | _a9789585778009 | ||
| 040 |
_aCO-BoUCM _bspa _dDeissy Garcia (modificó) _c[Nuevo] |
||
| 041 | _aspa | ||
| 060 | _aWG 205 | ||
| 245 | 0 | 0 |
_aUrgencias cardiovasculares _ceditores Clara Saldarriaga G., Juan Carlos González A. y Francisco Villegas G |
| 260 |
_c2012 _aMedellín _bClínica cardiovascular congregación mariana |
||
| 300 |
_a398 páginas _bilustraciones y gráficas |
||
| 504 | _aIncluye referencias bibliográficas | ||
| 650 | 7 |
_aEnfermedades del corazón _xDiagnóstico y tratamiento _934802 |
|
| 650 | 7 |
_aUrgencias médicas _926003 |
|
| 690 |
_aCardiología _910489 |
||
| 700 |
_aGonzález A., Juan Carlos _eeditor _935162 |
||
| 700 |
_aSaldarriaga G., Clara _eeditor _935161 |
||
| 700 |
_aVillegas G., Francisco _eeditor _935163 |
||
| 942 |
_cLIBRO _e1 _mU75c _2NLM _hWG 205 _n0 _a15 |
||
| 999 |
_c166130 _d166130 |
||